Olivia Rodrigo - Paroles Can't Catch Me Now (Hunger Games) - Statistiques

Statistiques générales
  • Ce quiz a été pris 548 fois
    511 depuis la dernière actualisation
  • Le résultat moyen est 244 sur 337
Statistiques - réponses
Hint Réponse % Correct
can't
96%
can't,
96%
me
96%
You
96%
you
96%
catch
95%
I
95%
No,
95%
the
94%
The
94%
now
93%
In
90%
in
90%
a
88%
on
85%
Refrain But
84%
I'm
84%
my
82%
My
82%
every
80%
trees,
80%
place
75%
ground
74%
see
74%
there,
74%
footsteps
73%
face
72%
of
72%
breeze
68%
your
68%
mountain
67%
to
67%
do
66%
Post-refrain Ooh,
66%
ooh
66%
go
65%
that
65%
all
64%
it
63%
Oh,
63%
blood
62%
here,
62%
side
62%
Couplet 1 | Outro There's
62%
everywhere
61%
like
61%
over
60%
think
60%
You'll
59%
into
58%
comin'
57%
down
57%
town
56%
and
55%
And
55%
Be
55%
'cause
55%
around
54%
left
54%
storm
54%
brought
53%
gone
53%
pass
53%
thought
53%
Thought
53%
was
53%
will
53%
away
52%
feel
52%
are
50%
city
50%
dancin'
50%
higher
50%
Yeah,
50%
than
49%
grass,
48%
months
48%
Through
48%
head
47%
still
47%
us
47%
wall
47%
Shadows
46%
easy
45%
end
45%
this
45%
forget
44%
hopes
44%
never
44%
would
43%
Couplet 2 Bet
42%
bet
42%
fury
42%
snow
42%
got
41%
I'd
41%
It's
41%
made
41%
new
41%
room
41%
shade
41%
taste
40%
red
39%
wash
39%
way
39%
winter
39%
somethin'
38%
hall
37%
with
37%
fallin'
36%
turning
36%
you'd
36%
bitter
34%
messes
34%
writing
33%
expect
32%
fire
32%
burn
31%
Don't
30%
figured
29%
sometimes
29%
it'd
28%
founded
24%
wading
24%
Aucun quiz correspondant
Distribution des résultats
% des personnes avec chaque résultat
Percentile par nombre de réponses
Votre historique - résultats
Vous n’avez pas pris ce quiz depuis la dernière actualisation